000 00743nam a2200253Ia 4500
003 OSt
005 20220918165738.0
006 a|||||r|||| 00| 0
007 ta
008 220917b |||||||| |||| 00| 0 eng d
020 _a8170990025
024 _a249,284
037 _cTextual
040 _aARTS
_cARTS
_beng
041 _2eng
_aeng
082 _aY:86-880aND4481.D8, M7
100 _aAyyar Sulochana
_925333
245 0 _aCostumes and ornaments as depicted in the sculpture of Gwalior museum
260 _aDelhi
_bMittal Publications India
_c1987
300 _axii,194p. Plates31
_ccm.
650 _aSOCIOLOGY
942 _hY:86-880aND4481.D8, M7
_cTEXL
_2CC
999 _c130899
_d130899